Регионална библиотека "Любен Каравелов" - Русе

Въпросник-упътване за събиране на етнографски материали (Запис номер 401020)

MARC детайли
000 -Лидер
Контролно поле с фиксирана дължина nam a22 a 4500
003 - Код на организацията, давaща контролен номер
Контролно поле BLK
005 - Дата и час на последна редакция
Контролно поле 20220107092840.0
008 - Елементи от данни с фиксирана дължина
fixed length control field 180411b bul|||||r ||||||| ||bul||
010 ## - Наследен системен номер
LC control number KNG00200182000
040 ## - Източник на каталожния запис
Идентификатор на билиотеката - собственик на записа BLK
041 ## - Код за език
Код за езика на текст/звукозапис или на отделно заглавие Български
Код за езика КДБФ Български
080 ## - УДК
Текстов определител УДК Етнология. Етнография. Нрави. Обичаи. Бит. Фолклористика. Вж и 572 ; 903 ; 904
УДК код - определител по УДК 39
УДК - код + определител 39
100 1# - Редна дума - Автор
Автор Вакарелски, Христо Томов
Авторска отговорност първи автор
R(LIN) 374652
139 ## - Редно поле
Редна дума Вакарелски, Христо Томов
Авторски знак Вак - В 17
245 10 - Сведения за заглавието
Заглавие Въпросник-упътване за събиране на етнографски материали
Редно поле (дума) Христо Томов Вакарелски.
257 ## - Страна на издаване
Страна на създаване/издаване България
260 ## - Област на издателските данни
Място на издаване, разпространение и проч. София
Име на издателя, разпространителя и проч. Държ. изд. при М-во на нар. просвещение
Година на издаване 1946
9 (RLIN) 217639
300 ## - Физическа характеристика
Страници 164 с.
Илюстрации и др. с ил.
Размери/Мащаб 23 см
380 ## - Жанр
Жанр Обществени науки
650 #4 - Допълнително описание по предмет – тема
Основно описание – тема или топоним Етнография
9 (RLIN) 155169
653 #0 - Ключова дума – ненормативна
9 (RLIN) 406005
Ключова дума българска етнография
852 ## - Местоположение
Форматна сигнатура Цб 3.230.21379
Фондова буква Хранилище
852 ## - Местоположение
Форматна сигнатура Цб 3.235.20969
Фондова буква Хранилище
999 ## - СИСТЕМНИ КОНТРОЛНИ НОМЕРА
Koha biblionumber 401020
Koha biblioitemnumber 401020
942 ## - АРТИКУЛИ
Вид на библиотечния материал Книги
Скрит в OPAC Не
Периодичен библиозапис Да
944 ## - СЪЗДАВАНЕ И РЕДАКЦИЯ на ЗАПИСА
Създаване/Редакция Създаване
Дата на регистрацията/редакция 2021-04-15
Служител, извършил регистрацията/редакцията ВЙ
944 ## - СЪЗДАВАНЕ И РЕДАКЦИЯ на ЗАПИСА
Създаване/Редакция Редакция
Дата на регистрацията/редакция 2021-04-15
Служител, извършил регистрацията/редакцията ГГГ
999 ## - СИСТЕМНИ КОНТРОЛНИ НОМЕРА
Koha biblioitemnumber 401020
999 ## - СИСТЕМНИ КОНТРОЛНИ НОМЕРА
Koha biblioitemnumber 401020
Наличности
Код за отписване Код за изгубен артикул Източник на класификационната схема Код за повреда Коз за рестрикции Код за отдаване Артикулен № Име на библиотеката - собственик Име на библиотеката, в която се намира в момента Статус (Текущо местоположение) Дата на вписване в системата Местоположение - отдел Цена в лева Инвентарен номер Систематично азбучна сигнатура Баркод Цена в евро Служебен тип на артикула
  Не е изгубен Universal Decimal Classification Не е повреден само за читалня ползва се в читалня 816744 Регионална библиотека "Любен Каравелов" Русе Регионална библиотека "Любен Каравелов" Русе Хранилище 2021-03-17 Основен фонд - ползва се само за читалня 0.29 21379 Цб 3.230.21379 900000048890 0.15 Книги
  Не е изгубен Universal Decimal Classification Не е повреден само за читалня ползва се в читалня 824287 Регионална библиотека "Любен Каравелов" Русе Регионална библиотека "Любен Каравелов" Русе Хранилище 2021-04-16 Основен фонд - ползва се само за читалня 0.29 20969 Цб 3.235.20969 900000053697 0.15 Книги
Vip Innovations Ltd, Rousse, Bulgaria 2025